| 000 | 00884nas a2200289 4500 | ||
|---|---|---|---|
| 001 | BR0204820 | ||
| 003 | BR-BrBNA | ||
| 005 | 20231205103249.0 | ||
| 007 | ta | ||
| 008 | 230509b bl.|||p| |||| 00| 00por d | ||
| 040 |
_aBR-BrBNA _bpor _cBiblioteca Nacional de Agricultura |
||
| 041 | _a(Pt) | ||
| 072 | _aH60; H01 | ||
| 100 | 1 | _aRolim, J.C. | |
| 100 | 1 | _aCarvalho, J.C. | |
| 100 | 1 | _aNovaretti, W.R.T. | |
| 100 | 1 | _aVoss, L.R. | |
| 245 | 1 | _aTolerância de cana-de-açúcar à aplicação seqüencial de nematicidas e herbicidas | |
| 650 | _aCANA DE AÇÚCAR | ||
| 650 | _aNEMATICIDA | ||
| 650 | _aHERBICIDA | ||
| 650 | _aRESISTÊNCIA A PESTICIDA | ||
| 650 | _aFITOTOXICIDADE | ||
| 773 | 0 |
_tRevista Brasileira de Herbicidas (Brazil) _xISSN 1517-9443 _g(Sep-Dec 2001), v. 2(3) p. 113-117 _wBR0204820 |
|
| 909 |
_a202311 _bLúcia _c55 _dLúcia Elande |
||
| 942 |
_2AGRIS _n0 _cANA |
||
| 999 |
_c171956 _d171956 |
||